Jean marie le pen 1 - Statistiques

Statistiques générales
  • Ce quiz a été pris 214 fois
  • Le résultat moyen est 5 sur 10
Answers on the Grid
Answers color-coded by a green-red scale on the quiz's grid according to % correct below.
a été marin pécheur de chalutier
a négocier la libération de 55 otages avec Saddam Hussein
est breton
a présenté sur sa liste le premier musulman à la députation
est le fondateur de haribo
a collaboré pendant la 2nd guerre mondiale
est diplômé de droit
a été mineur professionnel
a combattu un ours
a été élu député pour la première fois en 1956
a été témoin d'un des derniers duel à l'épée
a été guitariste dans un salon de café
a été éditeur de chanson
a hérité du château de son ami
 
Statistiques - réponses
Réponse % Correct
est breton
80%
a été marin pécheur de chalutier
66%
a été élu député pour la première fois en 1956
60%
est diplômé de droit
55%
a présenté sur sa liste le premier musulman à la députation
52%
a hérité du château de son ami
51%
a été mineur professionnel
47%
a négocier la libération de 55 otages avec Saddam Hussein
46%
a été témoin d'un des derniers duel à l'épée
43%
a été éditeur de chanson
31%
Aucun quiz correspondant
Distribution des résultats
% des personnes avec chaque résultat
Percentile par nombre de réponses
Votre historique - résultats
Vous n’avez pas pris ce quiz